L'ancien Bourbonnais, (Record no. 23059)

MARC details
000 -LEADER
fixed length control field 01230cam a22003011 4500
001 - CONTROL NUMBER
control field f 01003361
003 - CONTROL NUMBER IDENTIFIER
control field DLC
005 - DATE AND TIME OF LATEST TRANSACTION
control field 20260227111246.0
008 - FIXED-LENGTH DATA ELEMENTS--GENERAL INFORMATION
fixed length control field 780329m18331838fr abcf 000 0 fre
010 ## - LIBRARY OF CONGRESS CONTROL NUMBER
LC control number f 01003361
035 ## - SYSTEM CONTROL NUMBER
System control number (OCoLC)3759763
040 ## - CATALOGING SOURCE
Original cataloging agency DLC
Transcribing agency CtHT
Modifying agency DLC
042 ## - AUTHENTICATION CODE
Authentication code premarc
050 00 - LIBRARY OF CONGRESS CALL NUMBER
Classification number DC611.B765
Item number A4
100 1# - MAIN ENTRY--PERSONAL NAME
Personal name Allier, Achille.
245 12 - TITLE STATEMENT
Title L'ancien Bourbonnais,
Remainder of title (histoire, monumens, mœurs, statistique)
Statement of responsibility, etc. par A. Allier, gravé et lithographié sous la direction de m. Aimé Chenavard, d'après les dessins et documens de m. Dufour, par une société d'artistes.
260 ## - PUBLICATION, DISTRIBUTION, ETC.
Place of publication, distribution, etc. Moulins,
Name of publisher, distributor, etc. Impr. de Desrosiers fils,
Date of publication, distribution, etc. 1833-38.
300 ## - PHYSICAL DESCRIPTION
Extent 2 v.
Other physical details front (port.) illus.
Dimensions 48 cm.
Extent and atlas of 136 pl., 2 maps.
Dimensions 54 cm.
500 ## - GENERAL NOTE
General note Atlas has engraved t.-p. and half-title.
500 ## - GENERAL NOTE
General note Title in black and red.
500 ## - GENERAL NOTE
General note The work was begun by Achille Allier, and continued by A. Michel and L. Batissier.
651 #0 - SUBJECT ADDED ENTRY--GEOGRAPHIC NAME
Geographic name Bourbonnais (France)
General subdivision History.
651 #0 - SUBJECT ADDED ENTRY--GEOGRAPHIC NAME
Geographic name Bourbonnais (France)
General subdivision Antiquities.
700 1# - ADDED ENTRY--PERSONAL NAME
Personal name Michel, Adolphe,
Dates associated with a name 1801?-1891?
700 1# - ADDED ENTRY--PERSONAL NAME
Personal name Batissier, Louis,
Dates associated with a name 1813-1882.
700 1# - ADDED ENTRY--PERSONAL NAME
Personal name Dufour, Claude Henri,
Dates associated with a name 1766-1845.
700 1# - ADDED ENTRY--PERSONAL NAME
Personal name Chenavard, Aimé,
Dates associated with a name 1798-1838.

No items available.

Powered by Koha